Agrícola
Wedi'i Gadw mewn:
| Prif Awdur: | |
|---|---|
| Fformat: | Llyfr |
| Iaith: | Sbaeneg |
| Cyhoeddwyd: |
Madrid
Gredos
1981
|
| Cyfres: | Biblioteca Clásica Gredos, 36
|
| Pynciau: | |
| Tagiau: |
Ychwanegu Tag
Dim Tagiau, Byddwch y cyntaf i dagio'r cofnod hwn!
|
MARC
| LEADER | 00000nam a2200000 a 4500 | ||
|---|---|---|---|
| 001 | UCW0096 | ||
| 003 | CL-VaPUC | ||
| 008 | 890331e19810000SP |||||||||||||||||spa|d | ||
| 082 | 0 | 4 | |a 875 |b TAC |2 21 |
| 100 | 0 | |a Tácito, Cornelio |e author |9 304086 | |
| 245 | 1 | 0 | |a Agrícola |
| 246 | 1 | 0 | |a Germania |
| 246 | 1 | 0 | |a Diálogo sobre los oradores |
| 300 | |a 226 p | ||
| 942 | |c BK | ||
| 945 | |d 19890331 00:00:00 | ||
| 260 | |a Madrid |b Gredos |c 1981 | ||
| 600 | 0 | 7 | |a AGRICOLA, CNEO JULIO |2 CL-VaPUC |9 269162 |
| 650 | 7 | |a NOVELAS LATINAS |2 CL-VaPUC |9 265085 | |
| 650 | 0 | |a Poesía épica |9 269163 | |
| 650 | 0 | |a Literatura latina |9 258055 | |
| 650 | 0 | |a Oratoria latina |9 266621 | |
| 583 | |a last modification |c 19890331 00:00:00 |k Rodrigo Vera | ||
| 490 | 0 | |a Biblioteca Clásica Gredos, 36 | |
| 999 | |c 215340 |d 215338 | ||
| 952 | |0 0 |1 0 |4 0 |6 875_000000000000000_TAC_1981 |7 0 |8 X |9 199483 |a BIBHIS |b BIBHIS |d 2019-11-14 |i 2667924 |o 875 TAC 1981 |p 2667924 |r 2024-01-30 |w 2019-11-14 |y BK_X |k HIS | ||
| 952 | |0 0 |1 0 |4 0 |6 875_000000000000000_TAC_1981 |7 0 |8 A |9 199484 |a BIBART |b BIBART |d 2019-11-14 |i 2667932 |o 875 TAC 1981 |p 2667932 |r 2025-03-13 |w 2019-11-14 |y BK |k ART | ||
| 952 | |0 0 |1 0 |4 0 |6 875_000000000000000_TAC_1981 |7 0 |8 R |9 199485 |a BIBEDU |b BIBEDU |c MCIRC |d 2019-11-14 |i 1486837 |o 875 TAC 1981 |p 1486837 |r 2023-01-13 |w 2019-11-14 |y BK_R |k LIT | ||